<?xml version="1.0" encoding="UTF-8"?><?xml-stylesheet type="text/xsl" href="static/style.xsl"?><OAI-PMH xmlns="http://www.openarchives.org/OAI/2.0/" xmlns:xsi="http://www.w3.org/2001/XMLSchema-instance" xsi:schemaLocation="http://www.openarchives.org/OAI/2.0/ http://www.openarchives.org/OAI/2.0/OAI-PMH.xsd"><responseDate>2026-06-07T05:20:20Z</responseDate><request verb="GetRecord" identifier="oai:riuma.uma.es:10630/45718" metadataPrefix="marc">https://riuma.uma.es/rest/oai/request</request><GetRecord><record><header><identifier>oai:riuma.uma.es:10630/45718</identifier><datestamp>2026-02-25T00:46:40Z</datestamp><setSpec>com_10630_2254</setSpec><setSpec>col_10630_37953</setSpec></header><metadata><record xmlns="http://www.loc.gov/MARC21/slim" xmlns:dcterms="http://purl.org/dc/terms/" xmlns:doc="http://www.lyncode.com/xoai" xmlns:xsi="http://www.w3.org/2001/XMLSchema-instance" xsi:schemaLocation="http://www.loc.gov/MARC21/slim http://www.loc.gov/standards/marcxml/schema/MARC21slim.xsd">
   <leader>00925njm 22002777a 4500</leader>
   <datafield ind2=" " ind1=" " tag="042">
      <subfield code="a">dc</subfield>
   </datafield>
   <datafield ind2=" " ind1=" " tag="720">
      <subfield code="a">Fernandez-Solano, Ana Judit</subfield>
      <subfield code="e">author</subfield>
   </datafield>
   <datafield ind2=" " ind1=" " tag="720">
      <subfield code="a">Rodríguez-Bailón, María</subfield>
      <subfield code="e">author</subfield>
   </datafield>
   <datafield ind2=" " ind1=" " tag="720">
      <subfield code="a">Del Baño-Aledo, María Elena</subfield>
      <subfield code="e">author</subfield>
   </datafield>
   <datafield ind2=" " ind1=" " tag="260">
      <subfield code="c">2022</subfield>
   </datafield>
   <datafield ind2=" " ind1=" " tag="520">
      <subfield code="a">Introduction:
Occupational participation is a key element to increase the quality of life in the population. One of the effective interventions to increase occupational participation is the “Occupational Self-Analysis” program. The aim of this study was to analyze participant’s reported benefits about the “Occupational Self-Analysis” program.
Method:
This is a qualitative study with 26 participants (12 people with intellectual disability, 7 affected by acquired brain injury, and 7 students) who participated in weekly group sessions and one individual session. The outcomes were measured based on participant diaries and focus group transcriptions.
Results:
Two main themes emerged: (1) supports for occupational participation and (2) barriers for occupational participation. The thematic analysis of the categories was based on the Model of Human Occupation to increase applicability of the program in occupational therapy practice.
Conclusions:
The “Occupational Self-Analysis” program allowed participants to increase their knowledge of supports provided for and the barriers against occupational participation.</subfield>
   </datafield>
   <datafield ind1="8" ind2=" " tag="024">
      <subfield code="a">Fernández-Solano, A. J., Rodríguez-Bailón, M., &amp; Del Baño-Aledo, M. E. (2023). Increasing occupational participation: A qualitative analysis within the “Occupational Self-Analysis” program. British Journal of Occupational Therapy, 86(4), 275–283. https://doi.org/10.1177/03080226221145389</subfield>
   </datafield>
   <datafield ind1="8" ind2=" " tag="024">
      <subfield code="a">https://hdl.handle.net/10630/45718</subfield>
   </datafield>
   <datafield ind1="8" ind2=" " tag="024">
      <subfield code="a">10.1177/03080226221145389</subfield>
   </datafield>
   <datafield tag="653" ind2=" " ind1=" ">
      <subfield code="a">Terapia ocupacional</subfield>
   </datafield>
   <datafield ind2="0" ind1="0" tag="245">
      <subfield code="a">Increasing occupational participation: A qualitative analysis within the “Occupational Self-Analysis” program</subfield>
   </datafield>
</record>
</metadata></record></GetRecord></OAI-PMH>